000 00255nam a22001097a 4500
008 170119b xxu||||| |||| 00| 0 eng d
020 _a9781605476353
041 _aeng
080 _23RD
_a618.2
245 _aNURSING ASSISTANTS
_cCARTES, P.J
942 _2udc
_cBK
999 _c3171
_d3171